Mario Golf : World Tour - Personnages [avec image] - Statistiques

Statistiques générales
  • Ce quiz a été pris 26 fois
  • Le résultat moyen est 19 sur 21
Statistiques - réponses
Par images Réponse % Correct
Boo
100%
Diddy Kong
100%
Donkey Kong
100%
Luigi
100%
Mario
100%
Princesse Peach
100%
Toad
100%
Waluigi
100%
Wario
100%
Yoshi
100%
Bowser
88%
Bowser Jr.
88%
Harmonie
88%
Mii
88%
Princesse Daisy
88%
Birdo
75%
Kamek
75%
Mario d'or
75%
Toadette
75%
Carottin
63%
Paratroopa
63%
Aucun quiz correspondant
Distribution des résultats
% des personnes avec chaque résultat
Percentile par nombre de réponses
Votre historique - résultats
Vous n’avez pas pris ce quiz